00750nam a2200205 a 450000100100000000500170001000800410002704000250006808200160009311000320010924000170014124500270015825000160018526000790020130000200028070001030030004900090040395201150041299900170052700003272120200930065808.0100222s1936 dr 001 0 spa d aDO-SdBNPbspacBNPHU axxxxbR426l1 aRepública Dominicana944713a[Leyes etc.]10aLey de construcciones. aed. Oficial aCiudad Trujillo, República Dominicana :bImprenta "La Opinión",c1936. a28 p. ;c23 cm.1 aRepública Dominicana.bSecretaría de Estado de Sanidad, Beneficencia y Obras Públicas958576 aBNPD 00107-18PDaPDbPDcOId2011-07-25iLF1l0oxxxx R426lp32721-10r2020-06-25w2020-06-25yLFPDZNo se presta c32212d32212